A Dialogue, or Representation of matters of fact : Done in a plain and easy dress. By way of question and answer. Occasioned by some mismanagements which happen'd in respect of a gentleman, whose affairs lay under the consideration of an ecclesiastical council. Dedicated to all unprejudiced and impartial persons. : [Three lines from Proverbs].

Bibliographic Details
Format: eBook
Language:English
Series:Early American imprints. Evans (1639-1800) ; no. 4065.
Subjects:
Online Access:Evans Digital Edition

MARC

Tag First Indicator Second Indicator Subfields
LEADER 00000cam a2200000 a 4500
001 in00002139486
006 m e d #
007 cr mn mmmmabba
008 830901s1736 ctu s 000 0 eng d
005 20260330214025.4
035 |z w037941 
035 |a MAAR8309013901B 
035 |9 mwa91-29858 
035 |a 317218 
035 |a aas03037941 
040 |a MWA  |c MWA  |e bdrb  |d UtOrBLW 
245 0 2 |a A Dialogue, or Representation of matters of fact :  |b Done in a plain and easy dress. By way of question and answer. Occasioned by some mismanagements which happen'd in respect of a gentleman, whose affairs lay under the consideration of an ecclesiastical council. Dedicated to all unprejudiced and impartial persons. : [Three lines from Proverbs]. 
264 3 |a [New London, Conn.?] :  |b Printed [by Timothy Green?],  |c In the year, 1736. 
300 |a 4 unnumbered pages, 35. 1 unnumbered page ;  |c 16 cm. (octavo) 
336 |a text  |b txt  |2 rdacontent 
337 |a computer  |b c  |2 rdamedia 
338 |a online resource  |b cr  |2 rdacarrier 
500 |a Caption title: Remarks on the result made by a council of ministers who sat in the North Parish of New-London, who were to judge of complaints exhibited by some disaffected persons, against the Reverend Mr. James Hillhouse, Minister of the said parish. 
500 |a "The following conference is carried on by two honest country-men; the one Mr. Richard Justice, the other Mr. Thomas Plain-dealing."--page 1. Signed on page 35: Thomas Plain-dealing. The preface is signed: Humbly offered by one who loves truth and sincerity &c. 
500 |a Timothy Green is the only printer of record in New London in 1736. 
510 4 |a Evans  |c 4065 
510 4 |a Trumbull, J.H. Connecticut,  |c 587 
510 4 |a Johnson, H.A. New London,  |c 336 
530 |a Microform version available in the Readex Early American Imprints series. 
533 |a Electronic text and image data.  |b [Chester, Vt. :  |c Readex, a division of Newsbank, Inc.,  |d 2002-2004.  |e Includes files in TIFF, GIF and PDF formats with inclusion of keyword searchable text.  |f (Early American imprints. First series ; no. 4065). 
500 |a Electronic resource. 
600 1 0 |a Hillhouse, James,  |d approximately 1687-1740. 
610 2 0 |a North Parish (New London, Conn.) 
650 0 |a Congregational churches  |z Connecticut  |x Government. 
655 7 |a Dialogues.  |2 rbgenr 
740 0 |a Remarks on the result made by a council of ministers. 
752 |a United States  |b Connecticut  |d New London. 
830 0 |a Early American imprints.  |n Series I,  |p Evans (1639-1800) ;  |v no. 4065. 
856 4 1 |u http://proxy.library.tamu.edu/login?url=https://opac.newsbank.com/select/evans/4065  |y Evans Digital Edition  |t 0 
999 |a MARS 
999 f f |s 9c12cb0b-06c0-35e3-b0ee-172398e71e50  |i 4a6fbe64-4ee6-3381-84de-d03c9534cc28  |t 0 
952 f f |a Texas A&M University  |b College Station  |c Electronic Resources  |s www_evans  |d Available Online  |t 0  |h No information provided 
998 f f |t 0  |l Available Online